000 00735nam a2200229 a 4500
001 BRCA_5894
005 20190320205244.0
008 170311s18??----gw-#######---#000-0#ger-#
041 _ager
044 _agw
050 4 _aPT2553
_pW3
_b.D33
100 1 _aWeber, Karl Julius
_d1767-1832
_914903
245 1 0 _aDie Steckenreiterei das Naive und anderes: Webers Demokrit VII
_bAus ´Demokritos, oder hinterlassene Papiere eines lachenden Philosophen´
_cKarl Julius Weber
260 _aLeipzig
_bP. Reclam
300 _a102 p.
_c16 cm.
440 0 _aReclams universal Bibliothek
_v5125
_914904
500 _aH135
600 1 4 _aDemocrito de Abdera
_y460-370 a. C
_914905
650 1 4 _aFilosofía
_914906
902 _aGFM
942 _2lcc
_cB
999 _c5583
_d5583